| 000 | 00710cam a2200229 4500 | ||
|---|---|---|---|
| 001 | ABS65003 | ||
| 008 | 020130n2002 000 0 eng u | ||
| 035 | _a(Sirsi) u116536 | ||
| 245 | _aNorth-east | ||
| 260 | _c2002 | ||
| 490 |
_aProperty Week _v67(1) 11 January 2002, 63-76(7) |
||
| 590 | _aABS | ||
| 650 | _aNORTHEAST ENGLAND | ||
| 650 | _aPROPERTY-COMMERCIAL PROPERTY-OFFICE PROPERTY-OFFICE PROPERTY MARKET | ||
| 650 | _aINDUSTRIAL MARKET | ||
| 650 | _aPROPERTY-COMMERCIAL PROPERTY-RETAIL PROPERTY-RETAIL PROPERTY MARKET | ||
| 650 | _aRESIDENTIAL MARKET | ||
| 650 | _aNEWCASTLE | ||
| 650 | _aMARKET REPORTS | ||
| 690 | _aPROPERTY-COMMERCIAL PROPERTY-COMMERCIAL PROPERTY MARKET | ||
| 942 | _n0 | ||
| 999 |
_c69391 _d69391 |
||